[Event "Online Olym Div Top-D"]
[Site "Chess.com INT"]
[Date "2020.08.23"]
[Round "9.4"]
[White "Sedina, Elena"]
[Black "Avalos, Leticia"]
[Result "1-0"]
[WhiteElo "2299"]
[BlackElo "1684"]
[PlyCount "49"]
[EventDate "2020.08.21"]
[EventType "team-tourn (rapid)"]
[EventRounds "9"]
[EventCountry "USA"]
[SourceTitle "CBM 198"]
[Source "ChessBase"]
[SourceDate "2020.10.31"]
[SourceVersion "1"]
[SourceVersionDate "2020.10.31"]
[SourceQuality "1"]
[WhiteTeam "Italy"]
[BlackTeam "Paraguay"]
[WhiteTeamCountry "ITA"]
[BlackTeamCountry "PAR"]

1. e4 e6 2. d4 d5 3. e5 c5 4. c3 Nc6 5. Nf3 Qb6 6. a3 c4 7. Nbd2 a5 8. a4 Nge7 9. Be2 Nf5 10. h4 h6 11. h5 Bd7 12. g4 Nfe7 13. Bxc4 Nc8 14. Bd3 Qd8 15. Nf1 Nb6 16. Ng3 Qe7 17. Qb3 Qd8 18. Be3 Qc7 19. Nh4 Be7 20. f4 Rc8 21. Nf3 Nd8 22. 0-0 Nc4 23. Bc1 b6 24. Qc2 Nb7 25. b3 1-0

[Event "PAR-ch (Women)"]
[Site "Asuncion"]
[Date "2019.11.05"]
[Round "2"]
[White "Montiel Caceres, Helen"]
[Black "Avalos, Leticia"]
[Result "1/2-1/2"]
[WhiteElo "1481"]
[BlackElo "1662"]
[PlyCount "94"]
[EventDate "2019.11.04"]
[EventType "tourn"]
[EventRounds "9"]
[EventCountry "PAR"]
[SourceTitle "CBM 193 Extra"]
[Source "ChessBase"]
[SourceDate "2020.01.31"]
[SourceVersion "1"]
[SourceVersionDate "2020.01.31"]
[SourceQuality "1"]

1. d4 Nf6 2. c4 e6 3. Nc3 Bb4 4. e3 b6 5. Bd3 Bb7 6. f3 c5 7. Nge2 Nc6 8. a3 Bxc3+ 9. bxc3 Rc8 10. Ng3 Na5 11. Qe2 Ba6 12. d5 d6 13. e4 e5 14. f4 Nb3 15. Rb1 Nxc1 16. Rxc1 exf4 17. Nh5 Nxh5 18. Qxh5 0-0 19. 0-0 g6 20. Qh6 Qf6 21. Rxf4 Qg7 22. Qh3 Rce8 23. Qd7 Qe5 24. g3 Re7 25. Qa4 Bc8 26. Qc2 f5 27. Re1 Ref7 28. Qd2 g5 29. exf5 Qg7 30. Rf2 Bxf5 31. Ref1 Qg6 32. Bxf5 Rxf5 33. Qc2 Rxf2 34. Qxg6+ hxg6 35. Rxf2 Rxf2 36. Kxf2 Kf7 37. Kf3 Kg7 38. h3 Kf7 39. Kg4 Kf6 40. h4 gxh4 41. gxh4 Kf7 42. Kg5 Kg7 43. h5 gxh5 44. Kxh5 Kh7 45. Kg5 Kg7 46. Kf5 Kf7 47. Kg5 Kg7 1/2-1/2

[Event "PAR-ch sf (Women)"]
[Site "Asuncion"]
[Date "2019.09.22"]
[Round "4"]
[White "Avalos, Leticia"]
[Black "Mayeregger Gonzalez, Fiorella Allegra"]
[Result "1-0"]
[WhiteElo "1684"]
[BlackElo "1131"]
[PlyCount "175"]
[EventDate "2019.09.20"]
[EventType "swiss"]
[EventRounds "9"]
[EventCountry "PAR"]
[SourceTitle "CBM 194 Extra"]
[Source "ChessBase"]
[SourceDate "2020.03.31"]
[SourceVersion "1"]
[SourceVersionDate "2020.03.31"]
[SourceQuality "1"]

1. d4 d5 2. c4 dxc4 3. e3 Nf6 4. Bxc4 Bf5 5. Qb3 e6 6. Nf3 Be4 7. Nbd2 Bc6 8. 0-0 Bd6 9. Re1 0-0 10. e4 Be7 11. Bd3 Nbd7 12. Qc2 h6 13. a3 Nb6 14. b3 a6 15. Bb2 Nbd7 16. Rac1 Rb8 17. b4 Nh5 18. Qd1 Nf4 19. Bf1 Nb6 20. Nc4 Nxc4 21. Bxc4 Bf6 22. Qd2 Ng6 23. Qe3 Re8 24. Ba1 Qe7 25. h3 Rbd8 26. Qb3 Qd7 27. Qe3 Nh4 28. Red1 Nxf3+ 29. Qxf3 Bg5 30. Rc3 Ba4 31. Rdd3 Bb5 32. Bxb5 axb5 33. Rc2 Bf6 34. Qg4 c6 35. e5 Bxe5 36. Rc5 Bf6 37. Rh5 Kf8 38. Qe4 Qc7 39. Rc5 Rd5 40. Rc1 Red8 41. Rcd1 Rf5 42. Qe2 Rfd5 43. Qe4 Rf5 44. Qe2 Rf4 45. Bc3 Qb6 46. Qb2 Qc7 47. Qb3 Qb6 48. Qb2 Qc7 49. Be1 Qb6 50. Bc3 Qc7 51. f3 Qb6 52. Kh1 Rf5 53. Be1 Rfd5 54. Bf2 Qc7 55. Qb3 Qf4 56. a4 Qd6 57. axb5 Rxb5 58. Be1 Qf4 59. Bc3 b6 60. Qa3 c5 61. bxc5 bxc5 62. Qa6 Rb3 63. Qa5 c4 64. Bb4+ Kg8 65. Rxb3 cxb3 66. Bc5 Bxd4 67. Qxd8+ Kh7 68. Qxd4 Qb8 69. Rb1 Qb5 70. Bf8 f6 71. Qa7 Qg5 72. Qxg7+ Qxg7 73. Bxg7 Kxg7 74. Rxb3 Kg6 75. Kh2 e5 76. Kg3 f5 77. Kh4 f4 78. Rb6+ Kf5 79. Rxh6 e4 80. fxe4+ Kxe4 81. Kg4 Ke3 82. h4 Kf2 83. h5 Kxg2 84. Kxf4 Kh3 85. Rg6 Kh4 86. h6 Kh5 87. Kf5 Kh4 88. h7 1-0

[Event "Olympiad Women-43"]
[Site "Batumi"]
[Date "2018.10.04"]
[Round "10.2"]
[White "Wafa, Shrook"]
[Black "Avalos, Leticia"]
[Result "1-0"]
[WhiteElo "2136"]
[BlackElo "1704"]
[PlyCount "113"]
[EventDate "2018.09.24"]
[EventType "team-swiss"]
[EventRounds "11"]
[EventCountry "GEO"]
[SourceTitle "EXT 2020"]
[Source "ChessBase"]
[SourceDate "2019.10.17"]
[SourceVersion "1"]
[SourceVersionDate "2019.10.17"]
[SourceQuality "1"]
[WhiteTeam "Egypt (W)"]
[BlackTeam "Paraguay (W)"]
[WhiteTeamCountry "EGY"]
[BlackTeamCountry "PAR"]

1. e4 e6 2. d4 d5 3. Nc3 Nc6 4. Nf3 Nf6 5. Bg5 Be7 6. e5 Ne4 7. Bxe7 Qxe7 8. a3 Bd7 9. Be2 f6 10. exf6 Qxf6 11. 0-0 0-0-0 12. Bb5 Ng5 13. Bxc6 Nxf3+ 14. Qxf3 Bxc6 15. Qe3 g5 16. a4 h5 17. b4 g4 18. b5 Be8 19. a5 h4 20. b6 a6 21. bxc7 Rd6 22. Rfb1 g3 23. hxg3 hxg3 24. fxg3 Rd7 25. Na4 Rdh7 26. Nb6+ Kxc7 27. Qf4+ Qxf4 28. gxf4 Bg6 29. Rc1 Be4 30. c4 dxc4 31. Nxc4 Kd8 32. Re1 Bc6 33. Ne5 Bd5 34. Kf2 Rh2 35. Nf7+ Ke7 36. Nxh8 Rxh8 37. Re5 Rh2 38. Rxd5 exd5 39. Rb1 Kf6 40. Rxb7 Kf5 41. Kf3 Rh1 42. g4+ Kf6 43. g5+ Kf5 44. Rf7+ Kg6 45. Rf6+ Kg7 46. Rxa6 Rf1+ 47. Kg4 Rd1 48. Kf5 Rxd4 49. Ra7+ Kf8 50. g6 Rc4 51. Kg5 Rc1 52. f5 d4 53. g7+ Kg8 54. Kg6 Rg1+ 55. Kf6 d3 56. Ra8+ Kh7 57. Rh8# 1-0

[Event "Olympiad Women-43"]
[Site "Batumi"]
[Date "2018.09.24"]
[Round "1.27"]
[White "Avalos, Leticia"]
[Black "Hejazipour, Mitra"]
[Result "0-1"]
[WhiteElo "1704"]
[BlackElo "2254"]
[PlyCount "66"]
[EventDate "2018.09.24"]
[EventType "team-swiss"]
[EventRounds "11"]
[EventCountry "GEO"]
[SourceTitle "EXT 2020"]
[Source "ChessBase"]
[SourceDate "2019.10.17"]
[SourceVersion "1"]
[SourceVersionDate "2019.10.17"]
[SourceQuality "1"]
[WhiteTeam "Paraguay (W)"]
[BlackTeam "Iran (W)"]
[WhiteTeamCountry "PAR"]
[BlackTeamCountry "IRI"]

1. d4 d5 2. c4 e6 3. Nc3 Bb4 4. cxd5 exd5 5. Nf3 Nf6 6. Bg5 h6 7. Bxf6 Qxf6 8. e3 0-0 9. Be2 c6 10. 0-0 Bd6 11. Rc1 Bf5 12. a3 Nd7 13. b4 a5 14. Qb3 b5 15. Ra1 Nb6 16. Rfc1 axb4 17. axb4 Qe7 18. Na2 Nc4 19. Bxc4 bxc4 20. Qb2 Rfb8 21. Ne5 Qc7 22. f4 f6 23. Nf3 Qe7 24. Qc3 Ra4 25. Nh4 Bd3 26. Qe1 Rba8 27. Nc3 Rxa1 28. Rxa1 Rxa1 29. Qxa1 Qxe3+ 30. Kh1 Qxd4 31. Qa8+ Kh7 32. Qxc6 Qxc3 33. h3 Qe1+ 0-1

[Event "PAR-ch sf"]
[Site "Asuncion"]
[Date "2018.08.10"]
[Round "1"]
[White "Amarilla Ettiene, Ezequiel"]
[Black "Avalos, Leticia"]
[Result "0-1"]
[WhiteElo "1132"]
[BlackElo "1726"]
[PlyCount "64"]
[EventDate "2018.08.10"]
[EventType "swiss"]
[EventRounds "9"]
[EventCountry "PAR"]
[SourceTitle "CBM 186 Extra"]
[Source "ChessBase"]
[SourceDate "2018.08.24"]
[SourceVersion "1"]
[SourceVersionDate "2018.08.24"]
[SourceQuality "1"]

1. e4 e6 2. d4 d5 3. e5 c5 4. c3 Nc6 5. Nf3 Nge7 6. Be2 cxd4 7. cxd4 Nf5 8. 0-0 Qb6 9. Nc3 Ncxd4 10. Nxd4 Nxd4 11. Be3 Nxe2+ 12. Qxe2 d4 13. Na4 Qb4 14. Qd2 dxe3 15. Qxb4 exf2+ 16. Rxf2 Bxb4 17. Rf4 Bd2 18. Rf3 Bd7 19. Nc5 Bc6 20. Rd3 Bf4 21. Re1 Rd8 22. Rxd8+ Kxd8 23. g3 Bg5 24. h4 Be7 25. Rd1+ Kc7 26. Nb3 Rd8 27. Rc1 Rd3 28. Kh2 Re3 29. Na5 Rxe5 30. Nxc6 bxc6 31. a3 Re2+ 32. Kh3 Rxb2 0-1

[Event "Encarnacion op 3rd"]
[Site "Encarnacion"]
[Date "2018.05.12"]
[Round "1"]
[White "Marquez, Ivette Fiorela"]
[Black "Avalos, Leticia"]
[Result "0-1"]
[WhiteElo "1147"]
[BlackElo "1702"]
[PlyCount "70"]
[EventDate "2018.05.12"]
[EventType "swiss"]
[EventRounds "7"]
[EventCountry "PAR"]
[SourceTitle "CBM 184 Extra"]
[Source "ChessBase"]
[SourceDate "2018.06.28"]
[SourceVersion "1"]
[SourceVersionDate "2018.06.28"]
[SourceQuality "1"]

1. d4 Nf6 2. c4 e6 3. Nc3 Bb4 4. a3 Bxc3+ 5. bxc3 c5 6. Nf3 Qa5 7. Bd2 Ne4 8. Qc2 f5 9. e3 b6 10. Bd3 Bb7 11. 0-0 0-0 12. Be1 d6 13. d5 Nf6 14. e4 fxe4 15. Bxe4 exd5 16. cxd5 Qb5 17. c4 Qe8 18. Ng5 Nxe4 19. Ne6 Nf6 20. Nxf8 Qxf8 21. Bc3 Nbd7 22. Rae1 Re8 23. Re2 Rxe2 24. Qxe2 b5 25. Qe6+ Kh8 26. Rb1 a6 27. g4 Bc8 28. Qe2 bxc4 29. Qxc4 Qf7 30. Bxf6 Qxf6 31. Re1 Qg6 32. Re6 Nf6 33. Rxd6 Bxg4 34. Rd8+ Ng8 35. Qf4 Bf3+ 0-1

[Event "PAR-ch qual1"]
[Site "Asuncion"]
[Date "2018.03.29"]
[Round "4"]
[White "Heinechen, John"]
[Black "Avalos, Leticia"]
[Result "1-0"]
[WhiteElo "1990"]
[BlackElo "1705"]
[PlyCount "107"]
[EventDate "2018.03.28"]
[EventType "swiss"]
[EventRounds "7"]
[EventCountry "PAR"]
[SourceTitle "EXT 2019"]
[Source "ChessBase"]
[SourceDate "2018.10.10"]
[SourceVersion "1"]
[SourceVersionDate "2018.10.10"]
[SourceQuality "1"]

1. d4 Nf6 2. Nf3 g6 3. Nc3 Bg7 4. e4 d6 5. Bg5 0-0 6. Qd2 c6 7. Be2 Qc7 8. 0-0 b5 9. a3 Bb7 10. Bh6 Nbd7 11. Bxg7 Kxg7 12. Rad1 Nb6 13. b3 Rad8 14. Qg5 h6 15. Qg3 a6 16. Nh4 c5 17. e5 dxe5 18. dxe5 Ne4 19. Nxe4 Bxe4 20. Rc1 Rd2 21. Qe3 Rd4 22. c3 Nd5 23. Qg3 Rd2 24. Rfe1 Ra2 25. Bd1 Bxg2 26. Nxg2 e6 27. c4 Ne7 28. a4 Nf5 29. Qh3 bxa4 30. bxa4 Nd4 31. Re4 Rb8 32. Qh4 Rbb2 33. Qf6+ Kh7 34. Rf4 Nf5 35. Bg4 Qd7 36. Bxf5 gxf5 37. Rh4 Qd2 38. Qxf7+ Kh8 39. Qf6+ Kh7 40. Qe7+ Kh8 41. Rf1 Ra1 42. Rxh6+ Qxh6 43. Rxa1 Ra2 44. Rd1 Rd2 45. Rb1 Rb2 46. Rf1 Rb4 47. Rd1 Rb8 48. Qxc5 Rg8 49. Qe3 f4 50. Qf3 Rg7 51. Kh1 Rf7 52. Rg1 Rg7 53. Qxf4 Qh5 54. Qh4 1-0

[Event "PAR-ch (Women)"]
[Site "Asuncion"]
[Date "2017.10.08"]
[Round "5"]
[White "Avalos, Leticia"]
[Black "Perez Rodriguez, Jennifer"]
[Result "0-1"]
[WhiteElo "1710"]
[BlackElo "2147"]
[PlyCount "124"]
[EventDate "2017.10.06"]
[EventType "swiss"]
[EventRounds "7"]
[EventCountry "PAR"]
[SourceTitle "CBM 181 Extra"]
[Source "ChessBase"]
[SourceDate "2017.12.12"]
[SourceVersion "1"]
[SourceVersionDate "2017.12.12"]
[SourceQuality "1"]

1. d4 Nf6 2. c4 e6 3. Nf3 d5 4. Bg5 Be7 5. e3 0-0 6. Nc3 Ne4 7. Bf4 c6 8. cxd5 exd5 9. Be2 Bf5 10. h3 Qb6 11. Qc1 Nd7 12. 0-0 Rfe8 13. a3 h6 14. b4 Nxc3 15. Qxc3 a5 16. bxa5 Rxa5 17. Ra2 Rea8 18. Rfa1 Qd8 19. Bd1 Qf8 20. a4 Bd6 21. Bxd6 Qxd6 22. Bb3 Nf6 23. Ne5 Ne4 24. Qe1 c5 25. Bc2 f6 26. Nf3 c4 27. Nh4 Be6 28. Ng6 b5 29. f3 Ng5 30. h4 Nf7 31. Rb2 bxa4 32. Qb1 Nd8 33. Rb6 Qd7 34. Qb4 f5 35. Qf8+ Kh7 36. h5 Nf7 37. Qb4 Qe8 38. Kf2 R5a6 39. Rb7 R6a7 40. Rb6 Ra6 41. Rxa6 Rxa6 42. Nf8+ Kg8 43. Ng6 Nh8 44. Ne5 Qxh5 45. Qe7 Qg5 46. Qe8+ Kh7 47. Rxa4 Rxa4 48. Bxa4 Qf6 49. Bc2 Ng6 50. Nxg6 Qxg6 51. Qe7 h5 52. e4 dxe4 53. fxe4 fxe4 54. Ke3 Bf5 55. d5 Qg3+ 56. Kd4 Qf2+ 57. Ke5 Qxc2 58. Kxf5 e3+ 59. Kg5 Qxg2+ 60. Kxh5 Qg6+ 61. Kh4 Qf6+ 62. Qxf6 gxf6 0-1

[Event "PAR-ch sf"]
[Site "Asuncion"]
[Date "2017.08.12"]
[Round "2"]
[White "Avalos, Leticia"]
[Black "Nunez, Pablo"]
[Result "1-0"]
[WhiteElo "1743"]
[BlackElo "1159"]
[PlyCount "64"]
[EventDate "2017.08.11"]
[EventType "swiss"]
[EventRounds "9"]
[EventCountry "PAR"]
[SourceTitle "CBM 180 Extra"]
[Source "ChessBase"]
[SourceDate "2017.10.06"]
[SourceVersion "1"]
[SourceVersionDate "2017.10.06"]
[SourceQuality "1"]

1. d4 d5 2. c4 e6 3. Nc3 c5 4. cxd5 exd5 5. Nf3 Nc6 6. Bf4 Nf6 7. e3 cxd4 8. Nxd4 Nxd4 9. Qxd4 a6 10. a4 Be6 11. Be2 Bd6 12. Bg5 Be7 13. 0-0 h6 14. Bf4 g5 15. Be5 g4 16. f4 gxf3 17. Rxf3 Bg4 18. Rxf6 Bxe2 19. Nxe2 Rg8 20. Rxh6 Rc8 21. Nc3 Bc5 22. Qf4 d4 23. exd4 Be7 24. Rf1 f6 25. Bxf6 Bxf6 26. Rxf6 Rc6 27. Re1+ Kd7 28. Rxc6 bxc6 29. Qf5+ Kc7 30. Qa5+ Kb7 31. Qxd8 Rxd8 32. Re5 Kb6 1-0

[Event "Asuncion Clasificatorio op 6th"]
[Site "Asuncion"]
[Date "2017.08.06"]
[Round "6.8"]
[White "Melian, Juan Sebastian"]
[Black "Avalos, Leticia"]
[Result "0-1"]
[WhiteElo "1398"]
[BlackElo "1743"]
[PlyCount "76"]
[EventDate "2017.08.04"]
[EventType "swiss"]
[EventRounds "7"]
[EventCountry "PAR"]
[SourceTitle "EXT 2023"]
[Source "ChessBase"]
[SourceDate "2022.10.05"]
[SourceVersion "1"]
[SourceVersionDate "2022.10.05"]
[SourceQuality "1"]

1. d4 Nf6 2. Nf3 e6 3. Bg5 b6 4. c3 Bb7 5. Nbd2 Be7 6. e3 0-0 7. Bd3 h6 8. Bh4 c5 9. 0-0 d6 10. Qb3 Nc6 11. a4 a6 12. Qd1 d5 13. Ne5 Nd7 14. Nxc6 Bxc6 15. Bxe7 Qxe7 16. f4 b5 17. Bc2 Rfb8 18. axb5 Bxb5 19. Rf3 Nf6 20. dxc5 Qxc5 21. Nb3 Qc7 22. Nd4 Bc4 23. b4 Bb5 24. Rc1 Rc8 25. Nb3 Qb6 26. Nc5 Rc7 27. Qe1 Rac8 28. Rf2 Kh8 29. Bd3 Bxd3 30. Nxd3 Ne4 31. Rfc2 a5 32. bxa5 Qxa5 33. Nf2 Nd6 34. g4 Nc4 35. Nd1 Qc5 36. h4 e5 37. fxe5 Nxe5 38. Nf2 Nf3+ 0-1

[Event "Olympiad Women-42"]
[Site "Baku"]
[Date "2016.09.03"]
[Round "2.61"]
[White "Baqer, Fatemah Alzahraa"]
[Black "Avalos, Leticia"]
[Result "0-1"]
[WhiteElo "1204"]
[BlackElo "1729"]
[PlyCount "72"]
[EventDate "2016.09.02"]
[EventType "team-swiss"]
[EventRounds "11"]
[EventCountry "AZE"]
[SourceTitle "CBM 174 Extra"]
[Source "ChessBase"]
[SourceDate "2016.10.10"]
[SourceVersion "1"]
[SourceVersionDate "2016.10.10"]
[SourceQuality "1"]
[WhiteTeam "Kuwait (W)"]
[BlackTeam "Paraguay (W)"]
[WhiteTeamCountry "KUW"]
[BlackTeamCountry "PAR"]

1. e4 e6 2. d4 d5 3. exd5 exd5 4. a3 Nf6 5. Nc3 Be7 6. Nf3 Bg4 7. Be2 Nc6 8. 0-0 0-0 9. Bf4 a6 10. h3 Bh5 11. g4 Bg6 12. Ne5 Ne4 13. Nxg6 hxg6 14. Nxe4 dxe4 15. d5 Nb8 16. g5 Bxg5 17. Bxg5 Qxg5+ 18. Bg4 f5 19. f4 exf3 20. Rxf3 Nd7 21. d6 fxg4 22. Rg3 Qc5+ 23. Kh1 cxd6 24. Qxg4 Qd5+ 25. Kg1 Ne5 26. Qg5 Nf3+ 27. Rxf3 Qxg5+ 28. Kf2 Rxf3+ 29. Kxf3 Rf8+ 30. Ke2 Qg2+ 31. Kd3 Rf2 32. Kd4 Rd2+ 33. Kc4 Qc6+ 34. Kb3 Qxc2+ 35. Kb4 Rd4+ 36. Ka5 Qc5# 0-1